God's knotty log; (Record no. 2822)
[ view plain ]
| 000 -LEADER | |
|---|---|
| fixed length control field | 00730cam a22002531 4500 |
| 001 - CONTROL NUMBER | |
| control field | 9837436 |
| 003 - CONTROL NUMBER IDENTIFIER | |
| control field | GBCCL |
| 005 - DATE AND TIME OF LATEST TRANSACTION | |
| control field | 20241126110440.0 |
| 008 - FIXED-LENGTH DATA ELEMENTS--GENERAL INFORMATION | |
| fixed length control field | 750212s1961 ohu 000 0 eng |
| 010 ## - | |
| -- | 61012373 |
| 035 ## - SYSTEM CONTROL NUMBER | |
| System control number | (OCoLC)1168062 |
| 040 ## - CATALOGING SOURCE | |
| Original cataloging agency | DLC |
| Transcribing agency | OClU |
| Modifying agency | OCoLC |
| -- | DLC |
| 042 ## - | |
| -- | premarc |
| 050 00 - | |
| -- | BR75 |
| -- | .B73 1961 |
| 082 ## - DEWEY DECIMAL CLASSIFICATION NUMBER | |
| Classification number | 828 |
| Item number | BUN |
| 100 1# - MAIN ENTRY--PERSONAL NAME | |
| Personal name | Bunyan, John, |
| Dates associated with a name | 1628-1688. |
| 9 (RLIN) | 340 |
| 245 10 - TITLE STATEMENT | |
| Title | God's knotty log; |
| Remainder of title | selected writings. |
| Statement of responsibility, etc. | Edited and introduced by Henri A. Talon. |
| 260 ## - PUBLICATION, DISTRIBUTION, ETC. | |
| Place of publication, distribution, etc. | Cleveland, |
| Name of publisher, distributor, etc. | World Pub. Co. |
| Date of publication, distribution, etc. | [1961] |
| 300 ## - PHYSICAL DESCRIPTION | |
| Extent | 313 p. |
| Dimensions | 18 cm. |
| 490 0# - SERIES STATEMENT | |
| Series statement | Living age books, |
| Volume/sequential designation | LA31 |
| 500 ## - GENERAL NOTE | |
| General note | Meridian books. |
| 906 ## - LOCAL DATA ELEMENT F, LDF (RLIN) | |
| a | 7 |
| b | cbc |
| c | oclcrpl |
| d | u |
| e | ncip |
| f | 19 |
| g | y-gencatlg |
| 942 ## - ADDED ENTRY ELEMENTS (KOHA) | |
| Source of classification or shelving scheme | Dewey Decimal Classification |
| Koha item type | Books |
| Withdrawn status | Lost status | Source of classification or shelving scheme | Damaged status | Not for loan | Home library | Current Library | Shelving location | Date acquired | Total checkouts | Full call number | Barcode | Date last seen | Copy number | Price effective from | Koha item type |
|---|---|---|---|---|---|---|---|---|---|---|---|---|---|---|---|
| Dewey Decimal Classification | GRACE BIBLE COLLEGE | GRACE BIBLE COLLEGE | General Studies | 2017-09-21 | 828 BUN | 009756 | 2025-05-01 | c.1 | 2017-09-21 | Books |